000 00346nam a2200157Ia 4500
001 2598
003 IN-NITTTR
005 20251114232933.0
008 251113s9999||||xx |||||||||||||| ||eng||
040 _beng
040 _cIN-NITTTR
041 _aeng
082 _a808.0666 I578M
245 0 _aMaterials for technical writing. /
942 _2ddc
_cBK
999 _c4106
_d4106